Gramática de la poesía
Uloženo v:
| Hlavní autor: | |
|---|---|
| Médium: | Kniha |
| Jazyk: | španělština |
| Vydáno: |
Barcelona
Planeta
1976
|
| Edice: | Planeta. Universidad
|
| Témata: | |
| Tagy: |
Přidat tag
Žádné tagy, Buďte první, kdo vytvoří štítek k tomuto záznamu!
|
MARC
| LEADER | 00000nam a2200000 a 4500 | ||
|---|---|---|---|
| 001 | UCO9766 | ||
| 003 | CL-VaPUC | ||
| 008 | 010309e19760000SP |||||||||||||||||spa|d | ||
| 082 | 0 | 4 | |a 808.1 |b GON |2 21 |
| 100 | |a González Muela, Joaquín |e author |9 454878 | ||
| 245 | 1 | 0 | |a Gramática de la poesía |
| 300 | |a 135 p | ||
| 942 | |c BK | ||
| 945 | |d 20010309 00:00:00 |a cmena | ||
| 260 | |a Barcelona |b Planeta |c 1976 | ||
| 650 | 0 | |a Poesía |9 265825 | |
| 650 | 7 | |a RETORICA DE LA POESIA |2 CL-VaPUC |9 454879 | |
| 650 | 0 | |a Gramática |9 270497 | |
| 650 | 0 | |a Crítica e interpretación |9 255042 | |
| 583 | |a last modification |c 20010309 00:00:00 |k Rodrigo Vera | ||
| 490 | 0 | |a Planeta. Universidad | |
| 999 | |c 293792 |d 293790 | ||
| 952 | |0 0 |1 0 |4 0 |6 808_100000000000000_GON_1976 |7 0 |8 A |9 345515 |a FDOPOS |b FDOPOS |d 2019-11-20 |i 3696847 |o 808.1 GON 1976 |p 3696847 |r 2025-01-22 |w 2019-11-20 |y BK |k MLH | ||